| 000 | 00676nam a22001937a 4500 | ||
|---|---|---|---|
| 008 | 230215s2016 xxk|||||o|||| 00| 0 eng d | ||
| 041 | _aeng | ||
| 110 | _aRoyal Institution of Chartered Surveyors | ||
| 245 |
_aBest practice commercial delivery in infrastructure _h[Electronic resource] |
||
| 260 |
_aLondon, _bRoyal Institution of Chartered Surveyors, _c2016 |
||
| 300 | _a18p. | ||
| 650 | _aINFRASTRUCTURE | ||
| 651 | _aInternational | ||
| 700 | _aMallett, Robert | ||
| 700 | _aTooth, Ed | ||
| 710 | _aRoyal Institution of Chartered Surveyors | ||
| 856 |
_uhttps://issuu.com/ricsmodus/docs/21586_rics_infrastructure_paper_v7_ _zAvailable free on ISSUU |
||
| 942 | _n0 | ||
| 999 |
_c121377 _d121377 |
||